Jean Gerson's Canticles: The Circumstances of Their Composition and Dissemination (notice n° 1639447)

détails MARC
000 -LEADER
fixed length control field 01265cam a2200157 4500500
005 - DATE AND TIME OF LATEST TRANSACTION
control field 20260201051002.0
041 ## - LANGUAGE CODE
Language code of text/sound track or separate title fre
042 ## - AUTHENTICATION CODE
Authentication code dc
100 10 - MAIN ENTRY--PERSONAL NAME
Personal name Roccati, Giovanni Matteo
Relator term author
245 00 - TITLE STATEMENT
Title Jean Gerson's Canticles: The Circumstances of Their Composition and Dissemination
260 ## - PUBLICATION, DISTRIBUTION, ETC.
Date of publication, distribution, etc. 2006.<br/>
500 ## - GENERAL NOTE
General note 96
520 ## - SUMMARY, ETC.
Summary, etc. The article discusses the question of Jean Gerson’s (1363–?1429) attitude toward women. Based on several texts where women appear in various social roles–?as spouses, sisters, mothers, and nuns–?the study attempts to form a more nuanced opinion on the subject. Particular attention is paid to the analysis of texts where women appear as independent devotees. While recognizing the complex and even contradictory character of Gerson’s outlook toward women, the article seeks to place it in the general perspective of his "theological vulgarization" project, through which he aimed to lead the largest number of faithful to a life of contemplation. The author argues that Gerson gave women a new important role in this project.
786 0# - DATA SOURCE ENTRY
Note Le Moyen Age | Volume CXII | 2 | 2006-09-01 | p. 355-361 | 0027-2841
856 41 - ELECTRONIC LOCATION AND ACCESS
Uniform Resource Identifier <a href="https://shs.cairn.info/journal-le-moyen-age-2006-2-page-355?lang=en&redirect-ssocas=7080">https://shs.cairn.info/journal-le-moyen-age-2006-2-page-355?lang=en&redirect-ssocas=7080</a>

Pas d'exemplaire disponible.

PLUDOC

PLUDOC est la plateforme unique et centralisée de gestion des bibliothèques physiques et numériques de Guinée administré par le CEDUST. Elle est la plus grande base de données de ressources documentaires pour les Étudiants, Enseignants chercheurs et Chercheurs de Guinée.

Adresse

627 919 101/664 919 101

25 boulevard du commerce
Kaloum, Conakry, Guinée

Réseaux sociaux

Powered by Netsen Group @ 2025